Statistics for Countries Without 2 Consecutive Vowels Or Consonants In Their Name

Click here to take the quiz!

General Stats

  • This quiz has been taken 25 times
    (14 since last reset)
  • The average score is 17 of 34

Answer Stats

Answer% Correct
Canada
82%
Panama
82%
Belize
73%
Japan
73%
Mexico
73%
Cuba
64%
Peru
64%
Togo
64%
Benin
55%
Iran
55%
Iraq
55%
Lebanon
55%
Niger
55%
Oman
55%
Suriname
55%
Tuvalu
55%
Belarus
45%
Fiji
45%
Guyana
45%
Mali
45%
Monaco
45%
Qatar
45%
Senegal
45%
Sudan
45%
Yemen
45%
Bahamas
36%
Comoros
36%
Dominica
36%
Gabon
36%
Malawi
36%
Nepal
36%
Kiribati
27%
Kosovo
27%
United Arab Emirates
27%

Score Distribution

Percentile by Number Answered

Percent of People with Each Score

Your Score History

You have not taken this quiz since the last reset